[Event "BRA-ch (Women) 61st"]
[Site "Recife"]
[Date "2022.12.21"]
[Round "7"]
[White "Brambilla, Renee Blandy T"]
[Black "Da Silva, Maria Gabriele"]
[Result "1-0"]
[WhiteElo "1661"]
[BlackElo "1471"]
[PlyCount "101"]
[EventDate "2022.12.15"]
[EventType "swiss"]
[EventRounds "9"]
[EventCountry "BRA"]
[SourceTitle "EXT 2024"]
[Source "ChessBase"]
[SourceDate "2023.10.10"]
[SourceVersion "1"]
[SourceVersionDate "2023.10.10"]
[SourceQuality "1"]

1. d4 Nf6 2. c4 g6 3. Nc3 Bg7 4. e4 d6 5. Nf3 Nc6 6. d5 Ne5 7. Nxe5 dxe5 8. Be2 0-0 9. 0-0 e6 10. Be3 b6 11. Rc1 Qe7 12. Qc2 Rd8 13. Rfd1 Bb7 14. Bf3 a6 15. a3 exd5 16. Nxd5 Bxd5 17. cxd5 Ne8 18. Qe2 Qf8 19. Qd2 c5 20. Be2 Nd6 21. f3 f5 22. exf5 Nxf5 23. Bg5 Rd6 24. b4 h6 25. bxc5 bxc5 26. Be3 Nd4 27. Bxd4 cxd4 28. Bd3 h5 29. Be4 Bh6 30. Qd3 Bxc1 31. Rxc1 Qf7 32. Rc5 Rb8 33. Qc2 Qe8 34. Rc7 Rdb6 35. Qc1 Qd8 36. Rc6 Rxc6 37. Qxc6 Rb6 38. Qc2 Kg7 39. h3 Rd6 40. Qc4 g5 41. Qc1 Kf6 42. h4 Qg8 43. hxg5+ Qxg5 44. Qc7 Qe3+ 45. Kf1 Qxa3 46. Qh7 Rd8 47. Qf5+ Kg7 48. Qxe5+ Kf8 49. Qf6+ Ke8 50. Bg6+ Kd7 51. Qc6+ 1-0

[Event "BRA-ch (Women) 61st"]
[Site "Recife"]
[Date "2022.12.19"]
[Round "5"]
[White "Lira, Larissa Morais Nasc"]
[Black "Da Silva, Maria Gabriele"]
[Result "1-0"]
[WhiteElo "1389"]
[BlackElo "1471"]
[PlyCount "131"]
[EventDate "2022.12.15"]
[EventType "swiss"]
[EventRounds "9"]
[EventCountry "BRA"]
[SourceTitle "EXT 2024"]
[Source "ChessBase"]
[SourceDate "2023.10.10"]
[SourceVersion "1"]
[SourceVersionDate "2023.10.10"]
[SourceQuality "1"]

1. e4 e5 2. Nf3 d6 3. Nc3 Be6 4. d4 exd4 5. Nxd4 Bd7 6. Bc4 Nc6 7. 0-0 Nf6 8. h3 Ne5 9. Be2 h6 10. Nf3 Ng6 11. Re1 Be7 12. Bc4 0-0 13. a3 c6 14. b4 b5 15. Bb3 Be6 16. Bb2 Nf4 17. Ne2 N6h5 18. Nfd4 Bd7 19. Nxf4 Nxf4 20. Ne2 Ng6 21. Ng3 Bf6 22. Qc1 Re8 23. Rb1 Bxb2 24. Qxb2 Re5 25. Re3 Nf4 26. Ne2 Nxe2+ 27. Rxe2 Qg5 28. Kh1 Qg6 29. Rbe1 Rg5 30. f4 Rg3 31. f5 Qg5 32. Qc1 Qf6 33. Re3 Rxe3 34. Rxe3 Re8 35. Qe1 Re5 36. c3 Kh7 37. g4 c5 38. Kg1 c4 39. Bc2 Qg5 40. Qg3 Qe7 41. Kf2 g6 42. Bb1 g5 43. Qf3 f6 44. Qe2 Be8 45. Bc2 Qb7 46. Qd1 Qb6 47. Qc1 Bc6 48. Ke2 d5 49. exd5 Rxe3+ 50. Qxe3 Qxe3+ 51. Kxe3 Bxd5 52. Be4 Bf7 53. Bc6 a6 54. Bb7 Kg7 55. Kd4 Kf8 56. Bxa6 Ke7 57. Bxb5 Kd6 58. Bxc4 Be8 59. Bf1 Bc6 60. c4 Kc7 61. Kc5 Bf3 62. b5 h5 63. gxh5 Bxh5 64. Bg2 g4 65. b6+ Kb8 66. Kd6 1-0

[Event "Joao Pessoa Paraibano"]
[Site "Joao Pessoa"]
[Date "2022.08.20"]
[Round "3"]
[White "Da Silva, Maria Gabriele"]
[Black "Brambilla, Renee Blandy T"]
[Result "0-1"]
[WhiteElo "1437"]
[BlackElo "1597"]
[PlyCount "52"]
[EventDate "2022.08.19"]
[EventType "swiss"]
[EventRounds "5"]
[EventCountry "BRA"]
[SourceTitle "EXT 2024"]
[Source "ChessBase"]
[SourceDate "2023.10.10"]
[SourceVersion "1"]
[SourceVersionDate "2023.10.10"]
[SourceQuality "1"]

1. e4 c5 2. Bc4 e6 3. Nc3 a6 4. a4 Nc6 5. d3 Nf6 6. Bg5 h6 7. Bh4 Be7 8. f4 Nxe4 9. Nxe4 Bxh4+ 10. g3 d5 11. Nf2 dxc4 12. gxh4 cxd3 13. Qxd3 Qxh4 14. Qg3 Qxg3 15. hxg3 e5 16. Nd3 exf4 17. Nxf4 Bg4 18. c3 0-0-0 19. Nge2 Rhe8 20. Rd1 Rxd1+ 21. Kxd1 g5 22. Kd2 gxf4 23. Nxf4 h5 24. Nxh5 Rh8 25. Ke3 Rxh5 26. Rxh5 Bxh5 0-1

[Event "Joao Pessoa Paraibano"]
[Site "Joao Pessoa"]
[Date "2022.08.19"]
[Round "2"]
[White "Da Silva Tomaz, Luiz Antonio"]
[Black "Da Silva, Maria Gabriele"]
[Result "1-0"]
[WhiteElo "2098"]
[BlackElo "1437"]
[PlyCount "59"]
[EventDate "2022.08.19"]
[EventType "swiss"]
[EventRounds "5"]
[EventCountry "BRA"]
[SourceTitle "EXT 2024"]
[Source "ChessBase"]
[SourceDate "2023.10.10"]
[SourceVersion "1"]
[SourceVersionDate "2023.10.10"]
[SourceQuality "1"]

1. e4 e5 2. Nf3 d6 3. d4 Nd7 4. Nc3 b6 5. Bb5 Bb7 6. Bxd7+ Qxd7 7. dxe5 Qg4 8. 0-0 dxe5 9. Nxe5 Qxd1 10. Rxd1 Bd6 11. Nc4 Bc5 12. Nb5 Kf8 13. Nxc7 Rc8 14. Bf4 Nf6 15. b4 Be7 16. f3 h6 17. h3 g5 18. Be5 Kg7 19. Nd6 Rxc7 20. Nf5+ Kg6 21. Bxc7 Bxb4 22. Be5 Rc8 23. c3 Bc5+ 24. Bd4 Bxd4+ 25. cxd4 Kh7 26. Rac1 Rg8 27. Rc7 Bc8 28. Ne7 Be6 29. Nxg8 Nxg8 30. d5 1-0

[Event "Potiguar-ch Interiorano"]
[Site "Parnamirim"]
[Date "2018.01.12"]
[Round "1.4"]
[White "Da Silva, Maria Gabriele"]
[Black "Macedo, Alexandre Soares"]
[Result "0-1"]
[WhiteElo "1385"]
[BlackElo "1871"]
[PlyCount "42"]
[EventDate "2018.01.12"]
[EventType "swiss"]
[EventRounds "5"]
[EventCountry "BRA"]
[SourceTitle "EXT 2022"]
[Source "ChessBase"]
[SourceDate "2021.10.06"]
[SourceVersion "1"]
[SourceVersionDate "2021.10.06"]
[SourceQuality "1"]

1. e4 c6 2. Nf3 d5 3. e5 Bg4 4. d4 e6 5. Bf4 c5 6. Bb5+ Nc6 7. Bxc6+ bxc6 8. Qd3 Qb6 9. b3 Bxf3 10. Qxf3 cxd4 11. 0-0 Ne7 12. Nd2 Ng6 13. Rac1 Ba3 14. Rcd1 Bb2 15. Nb1 c5 16. c4 dxc3 17. Bc1 c2 18. Bxb2 cxd1Q 19. Qxd1 0-0 20. Nd2 a5 21. a4 Rab8 0-1

[Event "Natal-ch"]
[Site "Natal"]
[Date "2016.02.07"]
[Round "3"]
[White "Leite, Joao Carlos Zirpoli"]
[Black "Da Silva, Maria Gabriele"]
[Result "1-0"]
[WhiteElo "1685"]
[BlackElo "1727"]
[PlyCount "61"]
[EventDate "2016.02.06"]
[EventType "swiss"]
[EventRounds "6"]
[EventCountry "BRA"]
[SourceTitle "CBM 171 Extra"]
[Source "ChessBase"]
[SourceDate "2016.04.26"]
[SourceVersion "1"]
[SourceVersionDate "2016.04.26"]
[SourceQuality "1"]

1. e4 e5 2. Nf3 Nc6 3. Bc4 h6 4. 0-0 Bc5 5. c3 Nf6 6. d4 exd4 7. cxd4 Bb6 8. e5 Ne4 9. Re1 d5 10. exd6 f5 11. Nc3 Ba5 12. Bd5 Qxd6 13. Bxe4 fxe4 14. Rxe4+ Ne7 15. Qa4+ Qc6 16. Qxa5 Qd6 17. Bf4 Qd7 18. Rxe7+ Qxe7 19. Re1 Qxe1+ 20. Nxe1 0-0 21. Bxc7 b6 22. Qd5+ Kh7 23. Qxa8 Re8 24. Be5 Bd7 25. Qe4+ g6 26. Nd5 Bf5 27. Nf6+ Kh8 28. Nxe8+ Kg8 29. Qa8 Kh7 30. Nf6+ Kg7 31. Qg8# 1-0

[Event "Natal-ch"]
[Site "Natal"]
[Date "2016.02.06"]
[Round "2"]
[White "Da Silva, Maria Gabriele"]
[Black "Marinho, Cinthya de Souza"]
[Result "1/2-1/2"]
[WhiteElo "1727"]
[BlackElo "1562"]
[PlyCount "67"]
[EventDate "2016.02.06"]
[EventType "swiss"]
[EventRounds "6"]
[EventCountry "BRA"]
[SourceTitle "CBM 171 Extra"]
[Source "ChessBase"]
[SourceDate "2016.04.26"]
[SourceVersion "1"]
[SourceVersionDate "2016.04.26"]
[SourceQuality "1"]

1. d4 d5 2. Nf3 e6 3. Nc3 Nf6 4. Bf4 Nbd7 5. e3 a6 6. Bd3 c5 7. b3 cxd4 8. exd4 Bb4 9. Bd2 Qa5 10. Na4 Bxd2+ 11. Qxd2 Qxd2+ 12. Nxd2 b5 13. Nb2 Bb7 14. 0-0 0-0 15. c4 bxc4 16. bxc4 dxc4 17. Nbxc4 Bd5 18. Ne5 Rfb8 19. Nxd7 Nxd7 20. Be4 Bxe4 21. Nxe4 Rb4 22. Rfd1 Rc8 23. Rab1 Rcb8 24. Rxb4 Rxb4 25. f3 Rb2 26. Nc3 Rc2 27. Rd3 Nb6 28. a3 Kf8 29. h3 Ke7 30. a4 Kd7 31. a5 Nc4 32. d5 Rc1+ 33. Kh2 Ra1 34. Rd4 1/2-1/2

[Event "Potiguar-ch (Women)"]
[Site "Natal"]
[Date "2014.01.24"]
[Round "4"]
[White "Da Silva, Maria Gabriele"]
[Black "Pinheiro, Ariana Hayelly Maci"]
[Result "0-1"]
[WhiteElo "1798"]
[BlackElo "1773"]
[PlyCount "82"]
[EventDate "2014.01.23"]
[EventType "swiss"]
[EventRounds "6"]
[EventCountry "BRA"]
[SourceTitle "EXT 2015"]
[Source "ChessBase"]
[SourceDate "2014.11.20"]
[SourceVersion "1"]
[SourceVersionDate "2014.11.20"]
[SourceQuality "1"]

1. d4 d5 2. Nf3 b6 3. Nc3 c5 4. e3 Nc6 5. dxc5 bxc5 6. Qxd5 Qxd5 7. Nxd5 Rb8 8. Ng5 e6 9. Nc7+ Ke7 10. e4 Nf6 11. Be3 Rxb2 12. Bxc5+ Kd7 13. Nxf7 Rg8 14. Nb5 Bxc5 15. Rd1+ Ke7 16. Ng5 Rxc2 17. Rd2 Bb4 18. Nf3 Nxe4 19. Bd3 Bxd2+ 20. Kd1 Rc1+ 21. Ke2 Rxh1 22. Bxe4 Rd8 23. Bxc6 Ba6 24. Nxd2 Rxh2 25. Nf1 Rh5 26. a4 Rc8 27. Bf3 Bxb5+ 28. axb5 Rxb5 29. Ne3 a5 30. Be4 g6 31. f4 a4 32. Bd3 Rbc5 33. Kd2 a3 34. Bb1 Rb8 35. Nc2 Rb2 36. Kc1 Rb3 37. Ba2 Rg3 38. Kb1 Rb5+ 39. Ka1 Rxg2 40. Nxa3 Rb8 41. Bc4 Ra8 0-1

[Event "Potiguar-ch"]
[Site "Natal"]
[Date "2013.09.28"]
[Round "3"]
[White "Vilela, Paulo Sergio da Cam"]
[Black "Da Silva, Maria Gabriele"]
[Result "1-0"]
[WhiteElo "1800"]
[BlackElo "1875"]
[PlyCount "37"]
[EventDate "2013.09.27"]
[EventType "swiss"]
[EventRounds "9"]
[EventCountry "BRA"]
[SourceTitle "EXT 2015"]
[Source "ChessBase"]
[SourceDate "2014.11.20"]
[SourceVersion "1"]
[SourceVersionDate "2014.11.20"]
[SourceQuality "1"]

1. Nf3 e6 2. g3 Nf6 3. Bg2 g6 4. 0-0 Bg7 5. d3 0-0 6. e4 d6 7. Nbd2 b6 8. e5 dxe5 9. Nxe5 Nd5 10. d4 Bb7 11. c4 Bxe5 12. dxe5 c6 13. cxd5 cxd5 14. Nf3 d4 15. Qd2 Na6 16. Qh6 Nc5 17. Ng5 Re8 18. Qxh7+ Kf8 19. Qxf7# 1-0

[Event "Natal op"]
[Site "Natal"]
[Date "2013.09.07"]
[Round "3"]
[White "Da Silva, Maria Gabriele"]
[Black "Quaranta Neto, Francisco"]
[Result "0-1"]
[WhiteElo "1875"]
[BlackElo "1916"]
[PlyCount "40"]
[EventDate "2013.09.06"]
[EventType "swiss"]
[EventRounds "6"]
[EventCountry "BRA"]
[SourceTitle "EXT 2016"]
[Source "ChessBase"]
[SourceDate "2015.10.08"]
[SourceVersion "1"]
[SourceVersionDate "2015.10.08"]
[SourceQuality "1"]

1. e4 e6 2. Nf3 d5 3. e5 c5 4. Nc3 Nc6 5. Bb5 Bd7 6. 0-0 d4 7. Bxc6 Bxc6 8. Ne2 Ne7 9. Ng3 h5 10. h4 Ng6 11. d3 Nxh4 12. Bg5 Nxf3+ 13. gxf3 Qxg5 14. c4 h4 15. Kg2 hxg3 16. fxg3 Be7 17. Rh1 Rxh1 18. Qxh1 Qd2+ 19. Kg1 Qe3+ 20. Kf1 Qxf3+ 0-1

[Event "Natal op"]
[Site "Natal"]
[Date "2013.09.06"]
[Round "2"]
[White "Vieira, Joadson do Nascimen"]
[Black "Da Silva, Maria Gabriele"]
[Result "0-1"]
[WhiteElo "1800"]
[BlackElo "1875"]
[PlyCount "50"]
[EventDate "2013.09.06"]
[EventType "swiss"]
[EventRounds "6"]
[EventCountry "BRA"]
[SourceTitle "EXT 2016"]
[Source "ChessBase"]
[SourceDate "2015.10.08"]
[SourceVersion "1"]
[SourceVersionDate "2015.10.08"]
[SourceQuality "1"]

1. e4 e5 2. Nf3 Nc6 3. Nc3 Nf6 4. Bc4 Bb4 5. 0-0 0-0 6. a3 Bxc3 7. bxc3 Nxe4 8. d3 Nxc3 9. Qd2 Na4 10. Qg5 Qxg5 11. Bxg5 h6 12. Bh4 Nb2 13. Bd5 Nd4 14. Nxd4 exd4 15. Rab1 c6 16. Be4 d5 17. Bf3 g5 18. Bg3 g4 19. Be2 Re8 20. Bd1 Nxd1 21. Rbxd1 b5 22. Rfe1 Rxe1+ 23. Rxe1 Bd7 24. Be5 Re8 25. Rb1 Rxe5 0-1